000 005170000a22001810004500
003 MACL
005 20160305152339.0
008 160305b xxu||||| |||| 00| 0 eng d
040 _aMACL
_cMACL
041 _aHindi
082 _a891.433
100 _aजनमेजय प्रेम
_943161
245 _aबेशर्ममेव जयते
260 _bपराग प्रकाशन
_c1982
_aनई दिल्‍ली
350 _a16
650 _aStories
_943162
942 _cHIN
_k891.433
_2ddc
999 _c27863
_d27863